Петролого-геохимические черты околорудного метасоматизма в золоторудном месторождении Сухой Лог (Ленский район); Ч. 3; Геохимия золота и серебра; Известия Томского политехнического университета [Известия ТПУ]; Т. 321, № 1: Науки о Земле

Bibliographic Details
Parent link:Известия Томского политехнического университета [Известия ТПУ]/ Томский политехнический университет (ТПУ).— , 2000-
Т. 321, № 1: Науки о Земле.— 2012.— [С. 33-40]
Other Authors: Кучеренко И. В. Игорь Васильевич, Гаврилов Р. Ю. Роман Юрьевич, Мартыненко В. Г., Верхозин А. В.
Summary:Заглавие с титульного листа
Электронная версия печатной публикации
Приведены данные о статистических параметрах распределения геохимических и металлогенических спутников золота и серебра в минеральных зонах рудовмещающего апочерносланцевого метасоматического ореола березит-пропилитового профиля на Западном участке месторождения Сухой Лог (Ленский район). Средние содержания металлов на уровне первых мг/т (Au), десятков мг/т (Ag) и дисперсия их распределения (стандартный множитель, стандартное отклонение) минимальны в доступных для изучения метасоматитах промежуточной хлоритовой и более тыловой альбитовой зон, не содержащих сульфидов. Упомянутые параметры распределения и Au/Ag-отношение существенно возрастают в сульфидизированных при рудообразовании метасоматитах обеих зон. Результаты обсуждаются в сравнении с аналогичными данными по другим золотым месторождениям, образованным в черносланцевом и кристаллическом субстрате.
Language:Russian
Published: 2012
Series:Геология и полезные ископаемые
Subjects:
Online Access:http://earchive.tpu.ru/bitstream/11683/4313/1/bulletin_tpu-2012-321-1-04.pdf
Format: Electronic Book Chapter
KOHA link:https://koha.lib.tpu.ru/cgi-bin/koha/opac-detail.pl?biblionumber=222774

MARC

LEADER 00000nla2a2200000 4500
001 222774
005 20231215120148.0
035 |a (RuTPU)RU\TPU\book\242989 
035 |a RU\TPU\book\242988 
090 |a 222774 
100 |a 20121001d2012 k y0rusy50 ca 
101 0 |a rus 
102 |a RU 
135 |a drnn ---uucaa 
181 0 |a i  
182 0 |a b 
200 1 |a Петролого-геохимические черты околорудного метасоматизма в золоторудном месторождении Сухой Лог (Ленский район)  |h Ч. 3  |i Геохимия золота и серебра  |f И. В. Кучеренко [и др.] 
203 |a Текст  |c электронный 
215 |a 1 файл (84 Кб) 
225 1 |a Геология и полезные ископаемые 
300 |a Заглавие с титульного листа 
300 |a Электронная версия печатной публикации 
320 |a [Библиогр.: с. 39-40 (20 назв.)] 
330 |a Приведены данные о статистических параметрах распределения геохимических и металлогенических спутников золота и серебра в минеральных зонах рудовмещающего апочерносланцевого метасоматического ореола березит-пропилитового профиля на Западном участке месторождения Сухой Лог (Ленский район). Средние содержания металлов на уровне первых мг/т (Au), десятков мг/т (Ag) и дисперсия их распределения (стандартный множитель, стандартное отклонение) минимальны в доступных для изучения метасоматитах промежуточной хлоритовой и более тыловой альбитовой зон, не содержащих сульфидов. Упомянутые параметры распределения и Au/Ag-отношение существенно возрастают в сульфидизированных при рудообразовании метасоматитах обеих зон. Результаты обсуждаются в сравнении с аналогичными данными по другим золотым месторождениям, образованным в черносланцевом и кристаллическом субстрате. 
337 |a Adobe Reader 
461 1 |0 (RuTPU)RU\TPU\book\176237  |t Известия Томского политехнического университета [Известия ТПУ]  |f Томский политехнический университет (ТПУ)  |d 2000- 
463 1 |0 (RuTPU)RU\TPU\book\242238  |x 1684-8519  |t Т. 321, № 1: Науки о Земле  |v [С. 33-40]  |d 2012  |p 232 с. 
610 1 |a месторождение Сухой Лог 
610 1 |a черные сланцы 
610 1 |a околорудные ореолы 
610 1 |a березиты 
610 1 |a пропилиты 
610 1 |a золото 
610 1 |a серебро 
610 1 |a труды учёных ТПУ 
610 1 |a электронный ресурс 
701 1 |a Кучеренко  |b И. В.  |c российский геолог  |c профессор Томского политехнического университета, доктор геолого-минералогических наук  |f 1937-  |g Игорь Васильевич  |3 (RuTPU)RU\TPU\pers\13904 
701 1 |a Гаврилов  |b Р. Ю.  |c российский геолог  |c доцент Томского политехнического университета, кандидат геолого-минералогических наук  |f 1978-  |g Роман Юрьевич  |3 (RuTPU)RU\TPU\pers\24796  |9 11013 
701 1 |a Мартыненко  |b В. Г. 
701 1 |a Верхозин  |b А. В. 
801 1 |a RU  |b 63413507  |c 20090623  |g PSBO 
801 2 |a RU  |b 63413507  |c 20211230  |g PSBO 
856 4 |u http://earchive.tpu.ru/bitstream/11683/4313/1/bulletin_tpu-2012-321-1-04.pdf 
942 |c CF